Pochody Julia Fučíka

Uložené v:
Podrobná bibliografia
Hlavný autor: Fučík, Julius 1872-1916 (Composer)
Médium: Zvuková nahrávka
Jazyk:Czech
Vydané: Praha : Supraphon, 1975.
Fyzický popis: 1 gramofónová platňa : 33 1/3 ot/min., stereo ; 30 cm.
Tagy: Pridať tag
Žiadne tagy, Buďte prvý kto otaguje tento záznam!

MARC

LEADER 00000njm a2200000 a 4500
001 000431069
003 SVKKK
005 20130814225143.0
008 130814s1975 xr cze d
028 0 1 |a 1 14 1714 H  |b Supraphon 
040 |a SVKKK  |b slo  |c SVKKK  |e AACR2 
041 0 |g cze 
044 |a xr  |c CZ 
100 1 |a Fučík, Julius  |d 1872-1916  |4 cmp 
245 1 0 |a Pochody Julia Fučíka  |h zvukový záznam 
260 |a Praha :  |b Supraphon,  |c 1975. 
300 |a 1 gramofónová platňa :  |b 33 1/3 ot/min., stereo ;  |c 30 cm. 
511 0 |a Velký dechový orchestr Supraphonu, Rudolf Urbanec, dirigent 
910 |a svkkk 
998 |a AM 
090 |g SCKHL  |k Sklad Pribinova 1. posch.  |a IIIG.3233  |j 4717  |i 2720351976  |s Prezenčne CD, DVD 
924 |a LP 
924 |a AVM